000 00794nam a22002177a 4500
999 _c13276
_d13276
003 AR-CdUCM
008 190411b ||||| |||| 00| 0 spa d
040 _aMUNICIPALIDAD PROVINCIAL DEL CUSCO
_cBIBLIOTECA MUNICIPAL DEL CUSCO
082 _aC / 335.726 /
_bV32
100 _aVargas, Isaías,Presbitero.
_931608
245 _aLa Democracia auténtica i la Encicl. "Rerum Novarum" de León XIII /
260 _aCuzco :
_bTip. Americana,
_c1947.
300 _a344 paginas ;
_c19 cm.
505 _aContenido : La democracia y la justicia social -- La libertad -- La igualdad i la fraternidad -- El marxismo y sus afines...
650 _aGobierno
_92618
650 _aPueblo
_91822
650 _aJusticia
_97448
650 _aEtica
_91337
942 _2ddc
_cLIBROS
945 _awnts
_d2019-04-11